00458nam a2200133Ia 4500008004100000082001900041100002800060245004900088260003800137300001000175942001200185999001900197952010800216210430s9999 xx 000 0 und d a621.366 M634 L aLeonard Migliore952108 aLaser Materials ProcessingcLeonard Migliore aNew YorkbMarcel Dekker Incc1996 a319p. cBK2ddc c562876d562876 001040708NFICaSCMEbSCMEcGENd0000-00-00l0o621.366 M634 LpSCME-1758r2021-04-30w2021-04-30yBK